LEADER 01044nam a2200265 u 4500 001 000000090930 003 CaOOAMICUS 005 20070226124757.0 008 051018s1988 enk u000 u eng u 020 $a0-631-15946-0 035 $a11073912 040 $aPUL$bita 100 1 $aUrmson, J. O.$0(OLS)http://pul/name/34909 245 10$aAristotle's ethics /$cJ.O. Urmson. 260 $aOxford, U.K. ; Malden :$bB. Blackwell,$c2001. 300 $a130 p. ;$c22 cm 504 $aInclude indice e note bibliografiche. 600 04$aAristoteles,$d384-322 a.C.$0(OLS)http://pul/subject/223 650 4$aEtica greca.$0(OLS)http://pul/subject/29532 850 $aPUL 852 $aPUL$W1$xSL Filosofia 3$y81$m185 URMJO 1$j114652$nBK-PRI$b $qDDC 21$B114652$CPULBib$Z2$F114652 $HPUL99605 $81 941 1 $a9 996 $6020$a0-631-15946-0$9(OLS)http://pul/number/119156 996 $6245$aAristotle's ethics$9(OLS)http://pul/title/117411 996 $6260$aOxford, U.K. ; Malden :$bB. Blackwell$9(OLS)http://pul/publisher/78642 LEADER 00921nam a2200253 a 4500 001 000000136167 003 CaOOAMICUS 005 20131114095353.0 008 131114s1956 it u000 u ita r 040 $aPUL$bita 100 1 $aSvevo, Italo,$d1861-1928.$0(OLS)http://pul/name/8071 245 10$aSenilità /$cRomanzo di Italo Svevo. 250 $aQuinta edizione. 260 $aMilano :$bDall'Oglio$g1956 300 $a249 p. ;$c18 cm. 490 1 $aCorvi. Collana universale moderna ;$v24 830 0$aCorvi. Collana universale moderna ;$v24.$0(OLS)http://pul/title/79271 850 $aPUL 852 $aPUL$W1$xDP1 Fondo E. Rossi$y115$m2 A 287$j156941$qFondi$B156349$CPULBib$Z2$F156349 $82 941 1 $a1 961 $aSul dorso collocazione ms. di E. Rossi: I 199. 996 $6245$aSenilità$9(OLS)http://pul/title/156608 996 $6260$aMilano :$bDall'Oglio$9(OLS)http://pul/publisher/52588